000 00876cab a2200277 4500
001 ABS46421
008 090401t1992 xxu||||| |||| 00| 0 eng d
035 _a(Sirsi) u58138
041 _aeng
100 _aWilliams, D.W.
245 _aRelief after Billson
260 _c1992
350 _a0
490 _aLaw Society`s Gazette
_v89(17) 6 May 1992, 25-26(2)
520 _aRaises unanwered questions left by the House of Lords` decision in the "Billson v Residential Apartments" case, and states conclusions drawn from it.
650 _aBILLSON AND OTHERS V RESIDENTIAL APARTMENTS LTD
650 _aBREACH OF COVENANT
650 _aFORFEITURE
650 _aLAW OF PROPERTY ACT 1925 S146
650 _aLEASES
650 _aPEACEABLE RE-ENTRY
650 _aRELIEF FROM FORFEITURE
690 _aLandlord and tenant
_96252
942 _n0
948 _c04/03/1997
999 _c35466
_d35466